000 00746nam a2200229 i 4500
001 bg
100 1 _aKRZYSZTOFOWICZ, Jerzy
245 1 0 _aZagadnienia kultury fizycznej w klasach I-III :
_bporadnik metodyczny /
_cJerzy Krzysztofowicz ; Wyższa Szkoła Pedagogiczna w Słupsku.
250 _a[Wyd. 2].
260 _aSłupsk :
_bWSP,
_c1995.
300 _a167 s. :
_b2 rys., 1 wykr. ;
_c21 cm.
504 _aBibliogr. s. 162-165.
650 9 _aNauczanie początkowe
650 9 _aSzkolnictwo podstawowe
_xkultura fizyczna
650 9 _aWychowanie fizyczne i kultura fizyczna
_xnauczanie
655 _aPoradniki
040 _cBPK
041 0 _apol
080 _a372.879.6:372.4
942 _cKS
008 s pl f |000 0 pol
999 _c24546
_d24546
856 _uhttp://koha.tu.koszalin.pl/cgi-bin/koha/opac-detail.pl?biblionumber=24546
_yKatalog online BPK